000 01425nam a2200301Ia 4500
001 ebr10050488
003 CaPaEBR
006 m u
007 cr cn|||||||||
008 040405s2004 maua gs 000 0 eng d
020 _z1931836175
040 _aCaPaEBR
_cCaPaEBR
035 _a(OCoLC)70757172
050 1 4 _aHF5548.4.M527
_bB37 2004eb
100 1 _aBarber, Brian.
245 1 0 _aMCSE designing a Windows Server 2003 active directory and network infrastructure exam 70-297
_h[electronic resource] /
_cBrian Barber ... [et al.].
246 3 _aMicrosoft Certified System Engineer designing a Windows Server 2003 active directory and network infrastructure exam 70-297
260 _aRockland, MA :
_bSyngress Pub.,
_cc2004.
300 _a689 p. :
_bill.
533 _aElectronic reproduction.
_bPalo Alto, Calif. :
_cebrary,
_d2009.
_nAvailable via World Wide Web.
_nAccess may be limited to ebrary affiliated libraries.
630 0 0 _aMicrosoft Windows (Computer file)
650 0 _aMicrosoft software
_xExaminations
_vStudy guides.
650 0 _aDirectory services (Computer network technology)
_xExaminations
_vStudy guides.
650 0 _aElectronic data processing personnel
_xExaminations
_vStudy guides.
655 7 _aElectronic books.
_2local
710 2 _aebrary, Inc.
856 4 0 _uhttp://site.ebrary.com/lib/rucke/Doc?id=10050488
_zAn electronic book accessible through the World Wide Web; click to view
999 _c76557
_d76557